00000000nem##2200000za#4500
0019.548322
003CaOODSP
00520200326233211
007aj |a|||
008150406|2010||||xxc||||   a##f  |   eng|d
020 |a978-0-660-64231-4
022 |a1915-884X
040 |aCaOODSP|beng
041 |aeng
041 |afre
043 |an-cn---
0861 |aM116-2/021H14
1101 |aCanada.|bNatural Resources Canada. |bCentre for Topographic Information.
24510|aPetitcodiac, New Brunswick |h[cartographic material]
250 |aEd. 05, version 00
255 |aScale 1:50,000
260 |aOttawa - Ontario : |bNatural Resources Canada. |c2010.
300 |a1 sheet. : |bcoloured map ; |c71 cm.
4901 |aCanadian topographic maps |x1915-884X|v21-H/14
500 |aSeries A791. Includes a legend.
590 |a10-19|b2010-05-14
7760#|tPetitcodiac, Nouveau-Brunswick |w(CaOODSP)9.583532
792 |tPetitcodiac, Nouveau-Brunswick |efre|w(CaOODSP)9.548323
830#0|aCanadian topographic maps,|x1915-884X|v21-H/14|w(CaOODSP)9.511450